| 000 | 00658nam a2200289Ia 4500 | ||
|---|---|---|---|
| 005 | 20260324142828.0 | ||
| 008 | 008 260324s9999 xx 000 0 eng d | ||
| 020 | _a9780203699935 | ||
| 037 | _aEBOOK | ||
| 040 | _aCRL | ||
| 040 | _beng | ||
| 040 | _cCRL | ||
| 041 | _2eng | ||
| 041 | _aeng | ||
| 084 | _qCRL | ||
| 100 |
_aMandy Merck _9874140 |
||
| 245 | 0 | _aPerversions | |
| 245 | 0 | _bDeviant Readings by Mandy Merck | |
| 260 | _bTaylor and Francis | ||
| 260 | _c1993 | ||
| 365 | _a | ||
| 365 | _b300 | ||
| 856 | _uhttp://www.taylorfrancis.com/books/9780203699935 | ||
| 942 | _cEBOOK | ||
| 999 |
_c1818046 _d1818046 |
||